Statistics for APUSH Period 8 Dates

Click here to take the quiz!

General Stats

  • This quiz has been taken 8 times
    (4 since last reset)
  • The average score is 36 of 63

Answer Stats

HintAnswer% Correct
1607First permanent English colony: Jamestown
100%
192019th Amendment;Treaty of Versailles not ratified
67%
1775American Revolution begins; Lexington & Concord, Second Continental Congress, Articles of Confederation
67%
1828Andrew Jackson elected, Era of the Common Man
67%
1676Bacon's Rebellion
67%
1863Battle of Gettysburg, Gettysburg Address, Battle of Vicksburg, Emancipation Proclamation
67%
1861Beginning of Civil War, Battle of Fort Sumter
67%
1791Bill of Rights added to Constitution
67%
1492Columbus, Spanish, Columbian Exchange
67%
1850Compromise of 1850
67%
1788Constitution ratified by 9 states & takes effect
67%
1824"Corrupt Bargain" election, beginning of Democratic Party (pro-Jackson movement)
67%
1857Dred Scott v. Sanford
67%
1860Election of Abraham Lincoln, secession begins
67%
1844Election of Polk; Manifest Destiny
67%
1800Election of Thomas Jefferson
67%
1877End of Radical Reconstruction; Compromise of 1877; Jim Crow begins
67%
1933FDR's New Deal begins
67%
1619First slaves in Jamestown & House of Burgesses
67%
1790sFirst Two-Party System, Hamilton vs. Jefferson
67%
1754French and Indian War begins (7 Years' War)
67%
1862Homestead Act,Pacific Railway Act, Treasury System, Morrill Act; Antietam
67%
1854Kansas-Nebraska Act; Republican Party
67%
1803Louisiana Purchase, Marbury v. Madison
67%
1846Mexican-American War begins
67%
1820Missouri Compromise
67%
1823Monroe Doctrine
67%
1920sMore urban than rural; culture conflicts
67%
1787Northwest Ordinance & Constitution
67%
1892People's Party (Populist Third Party) nationwide
67%
1896Plessy v. Ferguson
67%
1620Plymouth founded (Puritans) in New England
67%
1680Pueblo Revolt
67%
1820s-1830sSecond Two-Party System, Jackson vs. Clay
67%
1808Slave importation ends (Slavery compromise 1789)
67%
1898Spanish American War/beginning of imperialism
67%
1765Stamp Act, first direct tax, "no taxation without representation"
67%
1929Stock Market Crash; beginning of Great Depression
67%
1776Thomas Paine's Common Sense & the Declaration of Independence
67%
1815Treaty of Ghent, end of the War of 1812, Hartford Resolutions arrive in D.C., end of Federalist Party, beginning of Era of Good Feelings
67%
1783Treaty of Paris: end of American Revolution & beginning of U.S. under Articles of Confederation
67%
1763Treaty of Paris ends the 7 Years' War, Pontiac's Rebellion,& Proclamation Line
67%
1812War of 1812 begins
67%
1918W.W.I ends
67%
1954Brown v. Board of Education
33%
1865Civil War ends; assassination of Lincoln; 13th Amendment
33%
1945End of W.W.II; atomic bombs on Hiroshima and Nagasaki; beginning of Cold War ("iron curtain" descends)
33%
1975Fall of Saigon
33%
1919First Red Scare; Red Summer
33%
1964Gulf of Tonkin Resolution; LBJ's Great Society,Civil Rights Act of 1964
33%
1950Korean War begins
33%
1953Korean War ends; armistice and DMZ
33%
1963March on Washington;JFK assassinated
33%
1968MLK and RFK assassinated, Tet Offensive, Chicago riot, silent majority, race riots, anti-war escalates
33%
1949NATO; USSR atomic bomb;China=communist
33%
1941Pearl Harbor, U.S. enters W.W.II; Depression ends
33%
1957Sputnik; beginning of space race
33%
1848Treaty of Guadalupe-Hidalgo, Mexican Cession, end of Mexican-American War; Seneca Falls Convention
33%
1917U.S. enters W.W.I; Fourteen Points
33%
1973Vietnam War ends with armistice
33%
1965Voting Rights Act;Immigration Act
33%
1974Watergate Scandal
33%
1890Wounded Knee; Closure of the West (frontier "closed"); Sherman Antitrust Act
33%

Score Distribution

Percentile by Number Answered

Percent of People with Each Score

Your Score History

You have not taken this quiz since the last reset